000 00315nam a22001337a 4500
008 171124b xxu||||| |||| 00| 0 eng d
020 _a9780321023971
041 _aeng
080 _27TH
_a37
100 _a46
101 _aEDU
245 _aWRITING AND READGINS ACROSS THE CURRICULUM
_cBEHRENS,L
942 _2udc
_cBK
999 _c38471
_d38471